| 000 | 004980000a22001930004500 | ||
|---|---|---|---|
| 001 | 003176 | ||
| 003 | MACL | ||
| 005 | 20151025153647.0 | ||
| 008 | 151025b xxu||||| |||| 00| 0 eng d | ||
| 040 |
_aMACL _cMACL |
||
| 041 | _aEnglish | ||
| 082 | _a930.154/PAD | ||
| 100 |
_aPaddayya, K _916778 |
||
| 245 |
_aRecent Studies In Indian Archaeology _cK Paddayya |
||
| 260 |
_aNew Delhi _c2002 _bMunshiram Manoharlal Publishers, |
||
| 350 | _a950 | ||
| 650 |
_aHistory _916779 |
||
| 942 |
_k930 _cBK _2ddc |
||
| 999 |
_c15082 _d15082 |
||